THE NORTON ANTHOLOGY OF AMERICAN LITERATURE / (Record no. 616786)

000 -LEADER
fixed length control field 00373nam a22001337a 4500
020 ## - INTERNATIONAL STANDARD BOOK NUMBER
Qualifying information PB.
040 ## - CATALOGING SOURCE
Transcribing agency FIZZA ISHAQ
082 ## - DEWEY DECIMAL CLASSIFICATION NUMBER
Classification number 810.8
Author Mark JEA
100 ## - MAIN ENTRY--PERSONAL NAME
Personal name REESMAN,CAMPBELL JEANNE.
9 (RLIN) 133818
245 ## - TITLE STATEMENT
Title THE NORTON ANTHOLOGY OF AMERICAN LITERATURE /
Statement of responsibility, etc. JEANNE CAMPBELL REESMAN.
260 ## - PUBLICATION, DISTRIBUTION, ETC.
Place of publication, distribution, etc. NEW YORK ;
Name of publisher, distributor, etc. NORTON,
Date of publication, distribution, etc. 2007.
300 ## - PHYSICAL DESCRIPTION
Extent 1176 P. ;
Dimensions 9.4X6.1IN
942 ## - ADDED ENTRY ELEMENTS (KOHA)
Source of classification or shelving scheme
Koha item type Book
Holdings
Withdrawn status Lost status Source of classification or shelving scheme Damaged status Not for loan Permanent Location Current Location Shelving location Date acquired Total Checkouts Full call number Barcode Date last seen Price effective from Koha item type
          NUST Baluchistan Campus (NBC) NUST Baluchistan Campus (NBC) Text Books 04/02/2026   810.8 JEA QD-185 04/02/2026 04/02/2026 Book
© 2023 Central Library, National University of Sciences and Technology. All Rights Reserved.